000
00332 a2200157 4500
001
67908
020
_a
9788466810234
040
_c
Anchieta - Pituba
100
_a
Beddall, Fiona
240
1
0
_a
Robin Hood
_l
eng
245
1
0
_a
Robin Hood
300
_a
56
362
0
_a
2008
650
4
_a
Literatura juvenil em inglês
942
_c
BK
999
_c
67908
_d
67908